Vista normal
Vista MARC
Entrada Materia (personas)
Número de registros utilizados en: 1
001 - CONTROL NUMBER
- control field: 62666
003 - CONTROL NUMBER IDENTIFIER
- control field: Co-BoUCM
005 - DATE AND TIME OF LATEST TRANSACTION
- control field: 20140707084841.0
008 - FIXED-LENGTH DATA ELEMENTS
- fixed length control field: 140707|| aca||aabn | a|a d
040 ## - CATALOGING SOURCE
- Original cataloging agency: Co-BoUCM
- Transcribing agency: Co-BoUCM
100 ## - HEADING--PERSONAL NAME
- Personal name: Álvarez de Sagredo, Juan
- Number of part/section of a work: Índice de palabras ciceronianas
670 ## - SOURCE DATA FOUND
- Source citation: Work cat.: (Co-BoUCM)72442: Nebrija, Antonio de, 62624 1444?-1522, Dictionarium Aelii Antonii Nebrissensis imo quadruplex eiusdem antiqui Dictionarii supplementum ... Praeter Joannis Lopez Serrani malacitani labores ex Ciceronis lexicis et historicis multa quae desiderabantur, addita ... Accesserunt permultae dictiones tum ex Sacrarum Litterarum tum ex utriusque iuris voluminibus. Posita sunt etiam omnia recognita, et ab innumeris quibus scatebat mendis vindicata ..., 1764